Tikona suraj (Record no. 574923)
[ view plain ]
| 000 -LEADER | |
|---|---|
| fixed length control field | 00358nam a22001577a 4500 |
| 003 - CONTROL NUMBER IDENTIFIER | |
| control field | CEME |
| 005 - DATE AND TIME OF LATEST TRANSACTION | |
| control field | 20210628203730.0 |
| 008 - FIXED-LENGTH DATA ELEMENTS--GENERAL INFORMATION | |
| fixed length control field | 210305b xxu||||| |||| 00| 0 eng d |
| 040 ## - CATALOGING SOURCE | |
| Transcribing agency | . |
| 082 ## - DEWEY DECIMAL CLASSIFICATION NUMBER | |
| Classification number | 891.4391 DIL'T |
| 100 ## - MAIN ENTRY--PERSONAL NAME | |
| Personal name | Dil, Nawaz Dil |
| 9 (RLIN) | 65203 |
| 245 ## - TITLE STATEMENT | |
| Title | Tikona suraj |
| 260 ## - PUBLICATION, DISTRIBUTION, ETC. | |
| Place of publication, distribution, etc. | LAHORE |
| Name of publisher, distributor, etc. | AT-TEHREER |
| Date of publication, distribution, etc. | 1993 |
| 300 ## - PHYSICAL DESCRIPTION | |
| Extent | 231P |
| 942 ## - ADDED ENTRY ELEMENTS (KOHA) | |
| Koha item type | Book |
| Source of classification or shelving scheme | |
| Withdrawn status | Lost status | Damaged status | Not for loan | Permanent Location | Current Location | Shelving location | Date acquired | Total Checkouts | Full call number | Barcode | Date last seen | Price effective from | Koha item type | Source of classification or shelving scheme | Shelving control number | Public note |
|---|---|---|---|---|---|---|---|---|---|---|---|---|---|---|---|---|
| College of Electrical & Mechanical Engineering (CEME) | College of Electrical & Mechanical Engineering (CEME) | General Stacks | 08/01/2017 | 891.4391 DIL'T | CEME-29250 | 06/28/2021 | 06/28/2021 | Book | ||||||||
| College of Electrical & Mechanical Engineering (CEME) | College of Electrical & Mechanical Engineering (CEME) | Fiction | 08/01/2017 | 891.4391 DIL'T | CEME-29251 | 06/28/2021 | 06/28/2021 | Book | Urdu Literature | 1.0 | ||||||
| College of Electrical & Mechanical Engineering (CEME) | College of Electrical & Mechanical Engineering (CEME) | Fiction | 08/01/2017 | 891.4391 DIL'T | CEME-29252 | 06/28/2021 | 06/28/2021 | Book | Urdu Literature | 1.0 | ||||||
| College of Electrical & Mechanical Engineering (CEME) | College of Electrical & Mechanical Engineering (CEME) | Fiction | 08/01/2017 | 891.4391 DIL'T | CEME-29253 | 06/28/2021 | 06/28/2021 | Book | Urdu Literature | 1.0 | ||||||
| College of Electrical & Mechanical Engineering (CEME) | College of Electrical & Mechanical Engineering (CEME) | Fiction | 08/01/2017 | 891.4391 DIL'T | CEME-29254 | 06/28/2021 | 06/28/2021 | Book | Urdu Literature | 1.0 |
